000 01262nam0a2200301 4500
001 RU\NLR\bibl\1766153
005 20250616125720.0
010 _a978-5-93356-081-4
_92000
035 _a(NLR Aleph) 001756950
090 _a1554222
_c1554222
100 _a20110504d2008 |||y0rusy50 ca
101 0 _arus
102 _aRU
105 _aa |||||||||
200 1 _aИ все это вместе называется - жизнь...
_eроман-быль
_fБен Бенцианов
205 _a3-е изд., испр. и доп.
210 _aСанкт-Петербург
_cЛевша. Санкт-Петербург
_d2008
215 _a259 с., [24] л. ил., цв. ил., портр.
_d21
600 1 _aБенцианов
_bБ.Н.
_f1918 - 2009
_gБен Николаевич
_jВоспоминания, записки и т.п.
_91128585
_3RU\NLR\auth\66128577
606 1 _aЭстрада русская советская
_jВоспоминания, записки и т.п.
_9888126
_3RU\NLR\auth\66431
686 _aЩ363(2Р=Рус)7-86Бенцианов
686 _aЩ363(2Р=Рус)7
700 1 _aБенцианов
_bБ.
_gБен
_4070
801 0 _aRU
_bNLR
_c20110504
_gRCR
801 1 _aRU
_bNLR
_c20110504
942 _cBOOK
980 _aNB